| 000 | 00798nam a2200193 a 4500 | ||
|---|---|---|---|
| 003 | 0 | ||
| 005 | 20250217151239.0 | ||
| 008 | 110621s19uu xx 00 eng d | ||
| 050 |
_aPHS TP 248.27.A53 _b.H86 2011 |
||
| 100 | _aHuang, Claire. | ||
| 245 |
_aA comparative study on the ethanol produced using banana (Musa acuminata) and orange (Citrus sinesis) peelings / _cClaire Huang. |
||
| 260 |
_aLas PiƱas City, Philippines : _bSouthville International School and Colleges, _c2011. |
||
| 300 |
_a31 pages : _bcolored illustrations ; _c28 cm. |
||
| 504 | _aIncludes bibliographical references. | ||
| 650 |
_aEthanol _xBanana (Musa acuminata) _xOrange (Citrus sinesis) |
||
| 650 |
_aBiofuels _xAgricultural waste _vUtilization. |
||
| 650 |
_aRenewable energy _xEthanol production. |
||
| 942 |
_2lcc _cPASS |
||
| 999 |
_c98559 _d98559 |
||